000 00789nam a2200229Ia 4500
999 _c55660
_d55660
001 22755
003 GE_BSU
005 20220527130714.0
008 181216s2011||||gw |||||||||||||| ||gem||
020 _a9783823366799
040 _cGE_BSU
080 _a81'25 S-86
100 _aStolze, Radegundis
_913862
245 _aÜbersetzungstheorien : Eine Einführung. 6 Auflage
_buberarbeitete und erweiterte Auflage. Narr Studienbucher /
_cRadegundis Stolze.
264 _aTubingen :
_bNarr-Verlag,
_c2011.
300 _a311 p. ;
_b24 cm.
653 _aNarr Studienbucher
653 _aÜbersetzungstheorien: Eine Einführung. uberarbeitete und erweiterte Auflage.
653 _aТеория переводов
653 _aთარგმნის თეორია.
942 _cBK
_2udc